| 000 | 00985nac a22002771u 4500 | ||
|---|---|---|---|
| 010 | _a 74361295 | ||
| 020 | _a0340053526 | ||
| 082 | 0 | 0 |
_a616.07 _bB2682 |
| 090 |
_c3486 _d3486 |
||
| 100 | _aBaron, D. N. | ||
| 245 | 1 | 2 |
_aA short textbook of chemical pathology _c[by] D. N. Baron. |
| 250 | _a2nd ed. | ||
| 260 |
_aLondon, _bEnglish Universities P., _c1969. |
||
| 300 |
_axi, 211 p. _billus. _c23 cm. |
||
| 490 | 0 | _aUniversity medical texts | |
| 500 | _aFirst ed. published in 1957 under title: Essentials of chemical pathology. | ||
| 500 | _aDonations. | ||
| 500 | _aDonations - Bibliotheca Alexandrina. | ||
| 504 | _aIncludes bibliographies. | ||
| 650 | 0 | _aPhysiology, Pathological. | |
| 650 | 0 | _aClinical biochemistry. | |
| 650 | 0 | _aBiochemistry. | |
| 650 | 0 | _aPathology. | |
| 942 |
_cBB _k616.07B2682 |
||
| 999 |
_c3486 _d3486 |
||